Advanced Windows programming / (Запис № 465730)
[ простий вигляд ]
| 000 -LEADER | |
|---|---|
| fixed length control field | 01890cam a2200457 a 4500 |
| 001 - CONTROL NUMBER | |
| control field | advancedwindowsp00hell |
| 003 - CONTROL NUMBER IDENTIFIER | |
| control field | CaSfIA |
| 005 - DATE AND TIME OF LATEST TRANSACTION | |
| control field | 20210117182106.0 |
| 007 - PHYSICAL DESCRIPTION FIXED FIELD--GENERAL INFORMATION | |
| fixed length control field | cr|||| |
| 008 - FIXED-LENGTH DATA ELEMENTS--GENERAL INFORMATION | |
| fixed length control field | 911002s1992 nyua b 001 0 eng |
| 010 ## - LIBRARY OF CONGRESS CONTROL NUMBER | |
| LC control number | 91035881 |
| 040 ## - CATALOGING SOURCE | |
| Original cataloging agency | DLC |
| Transcribing agency | DLC |
| Modifying agency | UKM |
| -- | YDXCP |
| -- | OCLCG |
| -- | JBO |
| -- | CaSfIA |
| 015 ## - NATIONAL BIBLIOGRAPHY NUMBER | |
| National bibliography number | GB93-22187 |
| 019 ## - | |
| -- | 28846826 |
| 020 ## - INTERNATIONAL STANDARD BOOK NUMBER | |
| International Standard Book Number | 0471547115 : |
| Terms of availability | $32.95 |
| 020 ## - INTERNATIONAL STANDARD BOOK NUMBER | |
| International Standard Book Number | 9780471547112 |
| 020 ## - INTERNATIONAL STANDARD BOOK NUMBER | |
| International Standard Book Number | 0471551724 (book/disk set) |
| 020 ## - INTERNATIONAL STANDARD BOOK NUMBER | |
| International Standard Book Number | 9780471551720 (book/disk set) |
| 035 ## - SYSTEM CONTROL NUMBER | |
| System control number | (OCoLC)24626890 |
| Canceled/invalid control number | (OCoLC)28846826 |
| 050 00 - LIBRARY OF CONGRESS CALL NUMBER | |
| Classification number | QA76.76.W56 |
| Item number | H45 1992 |
| 082 00 - DEWEY DECIMAL CLASSIFICATION NUMBER | |
| Classification number | 005.26/9 |
| Edition number | 21 |
| 029 1# - (OCLC) | |
| OCLC library identifier | UKM |
| System control number | b9322187 |
| 029 1# - (OCLC) | |
| OCLC library identifier | NLGGC |
| System control number | 087386704 |
| 029 1# - (OCLC) | |
| OCLC library identifier | YDXCP |
| System control number | 419393 |
| 100 1# - MAIN ENTRY--PERSONAL NAME | |
| Personal name | Heller, Martin, |
| Dates associated with a name | 1951- |
| 245 10 - TITLE STATEMENT | |
| Title | Advanced Windows programming / |
| Medium | [electronic resource] |
| Statement of responsibility, etc | Martin Heller. |
| 260 ## - PUBLICATION, DISTRIBUTION, ETC. (IMPRINT) | |
| Place of publication, distribution, etc | New York : |
| Name of publisher, distributor, etc | J. Wiley, |
| Date of publication, distribution, etc | c1992. |
| 300 ## - PHYSICAL DESCRIPTION | |
| Extent | xi, 353 p. : |
| Other physical details | ill. (some col.) ; |
| Dimensions | 24 cm. |
| 500 ## - GENERAL NOTE | |
| General note | "Covers Windows 3.1"--Cover. |
| 504 ## - BIBLIOGRAPHY, ETC. NOTE | |
| Bibliography, etc | Includes bibliographical references and index. |
| 530 ## - ADDITIONAL PHYSICAL FORM AVAILABLE NOTE | |
| Additional physical form available note | Also issued online. |
| 506 ## - RESTRICTIONS ON ACCESS NOTE | |
| Standardized terminology for access restriction | Необхідна авторизація на https://archive.org/ (створення облікового запису безкоштовно) |
| 506 ## - RESTRICTIONS ON ACCESS NOTE | |
| Standardized terminology for access restriction | Необхідна авторизація на https://openlibrary.org/ (створення облікового запису безкоштовно) |
| 650 #0 - SUBJECT ADDED ENTRY--TOPICAL TERM | |
| Topical term or geographic name as entry element | Windows (Computer programs) |
| 630 00 - SUBJECT ADDED ENTRY--UNIFORM TITLE | |
| Uniform title | Microsoft Windows (Computer file) |
| 653 0# - INDEX TERM--UNCONTROLLED | |
| Uncontrolled term | Programming |
| 856 41 - ELECTRONIC LOCATION AND ACCESS | |
| Uniform Resource Identifier | <a href="http://www.archive.org/details/advancedwindowsp00hell">http://www.archive.org/details/advancedwindowsp00hell</a> |
| Public note | Free eBook from the Internet Archive |
| 856 42 - ELECTRONIC LOCATION AND ACCESS | |
| Uniform Resource Identifier | <a href="http://www.openlibrary.org/books/OL1555552M">http://www.openlibrary.org/books/OL1555552M</a> |
| Public note | Additional information and access via Open Library |
| 942 ## - ADDED ENTRY ELEMENTS (KOHA) | |
| Koha item type | ЕКнига |
Немає доступних примірників.